[Event "1. Samba Cup "]
[Site "Skanderborg"]
[Date "2003.10.14"]
[Round "5"]
[White "Alekseev, Evgeny"]
[Black "Kasimdzhanov, Rustam"]
[Result "0-1"]
[WhiteElo "2613"]
[BlackElo "2668"]
[PlyCount "80"]
[EventDate "2003.10.10"]
[EventType "tourn"]
[EventRounds "9"]
[EventCountry "DEN"]
[EventCategory "16"]
[Source "ChessBase"]
[SourceDate "2004.02.03"]

1. e4 e5 2. Nf3 Nc6 3. Bb5 a6 4. Ba4 Nf6 5. O-O Be7 6. Re1 d6 7. c3 Bg4 8. d3
Nd7 9. Nbd2 O-O 10. h3 Bh5 11. Nf1 Nc5 12. Bxc6 bxc6 13. Ng3 Bxf3 14. Qxf3 Ne6
15. Nf5 Bf6 16. Qg4 Kh8 17. g3 Qd7 18. Be3 c5 19. Red1 g6 20. Nh6 Bg7 21. h4
Rae8 22. h5 Bxh6 23. Bxh6 f5 24. Qh3 Rf6 25. hxg6 fxe4 26. dxe4 Rxg6 27. Rd2
Qf7 28. Re1 Reg8 29. Be3 Rg4 30. Bh6 c4 31. Re3 Qf6 32. Kg2 Qg6 33. Rde2 Nc5
34. Rf3 Nxe4 35. Rf8 Rxf8 36. Bxf8 h5 37. Be7 Qf7 38. Bh4 Nc5 39. Re3 Nd3 40.
f3 Nf4+ 0-1

[Event "1. Samba Cup "]
[Site "Skanderborg"]
[Date "2003.10.14"]
[Round "5"]
[White "Hansen, Curt"]
[Black "Sadvakasov, Darmen"]
[Result "1-0"]
[WhiteElo "2616"]
[BlackElo "2595"]
[PlyCount "76"]
[EventDate "2003.10.10"]
[EventType "tourn"]
[EventRounds "9"]
[EventCountry "DEN"]
[EventCategory "16"]
[Source "ChessBase"]
[SourceDate "2004.02.03"]

1. c4 e5 2. Nc3 Nf6 3. Nf3 Nc6 4. g3 d5 5. cxd5 Nxd5 6. Bg2 Nb6 7. O-O Be7 8.
d3 O-O 9. a3 Be6 10. Be3 Nd5 11. Nxd5 Bxd5 12. Qa4 Qd6 13. Rac1 Qe6 14. Qb5 a6
15. Qxb7 Rfb8 16. Qxc7 Rxb2 17. Ng5 Bxg5 18. Bxd5 Qxd5 19. Bxg5 h6 20. Rxc6
hxg5 21. Rd6 Qa2 22. e3 Qxa3 23. Rd7 Qb3 24. Qxe5 a5 25. Rc1 a4 26. Ra7 Rb8 27.
Qf5 Rb1 28. Rxb1 Qxb1+ 29. Kg2 Qb3 30. Qd7 a3 31. Qd6 a2 32. Rxa2 Qb7+ 33. e4
Re8 34. Qd4 Qb5 35. h3 Qc6 36. Ra5 Qg6 37. Qd5 Qb6 38. Rb5 Qf6 1-0

[Event "1. Samba Cup "]
[Site "Skanderborg"]
[Date "2003.10.18"]
[Round "8"]
[White "Hansen, Curt"]
[Black "Alekseev, Evgeny"]
[Result "1-0"]
[WhiteElo "2616"]
[BlackElo "2613"]
[PlyCount "74"]
[EventDate "2003.10.10"]
[EventType "tourn"]
[EventRounds "9"]
[EventCountry "DEN"]
[EventCategory "16"]
[Source "ChessBase"]
[SourceDate "2004.02.03"]

1. d4 Nf6 2. c4 e6 3. Nf3 b6 4. g3 Ba6 5. b3 Bb4+ 6. Bd2 Be7 7. Bg2 c6 8. Bc3
d5 9. Nbd2 Nbd7 10. O-O O-O 11. Qc2 Qc7 12. e4 dxe4 13. Nxe4 Rad8 14. Rfe1 Nxe4
15. Rxe4 Nf6 16. Rh4 h6 17. Re1 Bb7 18. Qc1 Nh7 19. Rg4 Nf6 20. Rf4 Rfe8 21.
Ne5 c5 22. Bxb7 Qxb7 23. dxc5 bxc5 24. h4 h5 25. Qc2 Rf8 26. Re3 Bd6 27. Qe2
Nh7 28. Rff3 Be7 29. Rf4 Bd6 30. Rff3 Be7 31. Nd3 Rd7 32. Nf4 g6 33. Rxe6 Bd8
34. Ree3 Bf6 35. Nd5 Bxc3 36. Rxc3 Rd6 37. Rce3 Ra8 1-0

[Event "1. Samba Cup "]
[Site "Skanderborg"]
[Date "2003.10.10"]
[Round "1"]
[White "Kasimdzhanov, Rustam"]
[Black "Short, Nigel"]
[Result "0-1"]
[WhiteElo "2668"]
[BlackElo "2701"]
[PlyCount "108"]
[EventDate "2003.10.10"]
[EventType "tourn"]
[EventRounds "9"]
[EventCountry "DEN"]
[EventCategory "16"]
[Source "ChessBase"]
[SourceDate "2004.02.03"]

1. e4 e5 2. Nf3 Nc6 3. Bb5 a6 4. Ba4 Nf6 5. O-O Be7 6. Re1 b5 7. Bb3 d6 8. c3
O-O 9. h3 Nb8 10. d4 Nbd7 11. Nbd2 Bb7 12. Bc2 Re8 13. Nf1 Bf8 14. Ng3 g6 15.
b3 Bg7 16. d5 Rc8 17. Bg5 c6 18. c4 h6 19. Be3 Nb6 20. Rb1 cxd5 21. cxd5 Nbxd5
22. exd5 Nxd5 23. Bd2 f5 24. Nxf5 gxf5 25. Bxf5 Rb8 26. Rc1 Qf6 27. Be4 Qe6 28.
Qc2 Kh8 29. Qd3 Ne7 30. Bxb7 Rxb7 31. Rcd1 Rd7 32. Bc3 Nc6 33. Kh1 Qf7 34. Nh4
d5 35. Nf5 Rf8 36. g4 Rfd8 37. Rc1 Bf6 38. Nxh6 Qh7 39. Nf5 d4 40. Bd2 Ne7 41.
Qf3 Nxf5 42. Rc6 Rd6 43. Rxd6 Rxd6 44. gxf5 Rd8 45. Kh2 Rf8 46. Bb4 Re8 47. Qc6
Qf7 48. Bd2 Bg7 49. f4 Rf8 50. Bb4 Rg8 51. Qe6 Qh5 52. f6 Qf3 53. Qg4 Qf2+ 54.
Kh1 Bh6 0-1

[Event "1. Samba Cup "]
[Site "Skanderborg"]
[Date "2003.10.18"]
[Round "8"]
[White "Kasimdzhanov, Rustam"]
[Black "Palo, Davor"]
[Result "1-0"]
[WhiteElo "2668"]
[BlackElo "2510"]
[PlyCount "119"]
[EventDate "2003.10.10"]
[EventType "tourn"]
[EventRounds "9"]
[EventCountry "DEN"]
[EventCategory "16"]
[Source "ChessBase"]
[SourceDate "2004.02.03"]

1. d4 Nf6 2. c4 e6 3. Nc3 Bb4 4. e3 c5 5. Nge2 cxd4 6. exd4 d5 7. c5 a5 8. a3
Bxc3+ 9. Nxc3 b6 10. Bf4 bxc5 11. dxc5 O-O 12. Bd6 Re8 13. Rb1 Bd7 14. Be2 a4
15. O-O Qa5 16. b4 axb3 17. Rxb3 Na6 18. Qd4 Rac8 19. Bxa6 Qxa6 20. Rfb1 Qa5
21. h3 Bc6 22. Be5 Nd7 23. Bxg7 Qxc5 24. Nb5 Qxd4 25. Bxd4 e5 26. Rg3+ Kf8 27.
Bc3 Ke7 28. Bb4+ Ke6 29. Nd6 Rg8 30. Rc1 Nb8 31. Nxc8 Rxc8 32. Rg7 d4 33. Rxh7
Rg8 34. Rh6+ f6 35. g4 Bf3 36. Kh2 Nc6 37. Bd2 d3 38. g5 Nd4 39. Rxf6+ Kd5 40.
h4 Be4 41. Bb4 Bf3 42. Kh3 Ke4 43. g6 Bh5 44. Rg1 Nf3 45. Rg4+ Bxg4+ 46. Kxg4
d2 47. Bxd2 Nxd2 48. h5 Kd5 49. h6 Ne4 50. Kf5 Nxf6 51. Kxf6 Rf8+ 52. Kg7 Rxf2
53. h7 e4 54. h8=Q e3 55. Qe8 Kd4 56. a4 e2 57. a5 Kd3 58. a6 Rf1 59. a7 Ra1
60. Qb5+ 1-0

[Event "1. Samba Cup "]
[Site "Skanderborg"]
[Date "2003.10.19"]
[Round "9"]
[White "Palo, Davor"]
[Black "Sadvakasov, Darmen"]
[Result "1/2-1/2"]
[WhiteElo "2510"]
[BlackElo "2595"]
[PlyCount "78"]
[EventDate "2003.10.10"]
[EventType "tourn"]
[EventRounds "9"]
[EventCountry "DEN"]
[EventCategory "16"]
[Source "ChessBase"]
[SourceDate "2004.02.03"]

1. d4 d5 2. c4 dxc4 3. Nf3 Nf6 4. e3 e6 5. Bxc4 a6 6. O-O b5 7. Bd3 c5 8. a4
bxa4 9. Nc3 cxd4 10. exd4 Be7 11. Qxa4+ Bd7 12. Qd1 a5 13. Ne5 Nc6 14. Bb5 Nxe5
15. dxe5 Bxb5 16. Qxd8+ Bxd8 17. Nxb5 Nd5 18. Nd6+ Ke7 19. b3 Bc7 20. Ba3 Rhb8
21. Nb5+ Kd7 22. Nxc7 Nxc7 23. Rfd1+ Nd5 24. Rd3 Rb5 25. Rg3 g6 26. Rh3 h5 27.
Rf3 Ke8 28. Bd6 Rc8 29. h3 Rc3 30. Rxc3 Nxc3 31. Bc7 Ne2+ 32. Kh2 Nd4 33. Rxa5
Rxa5 34. Bxa5 Nxb3 35. Bb4 Nc1 36. Kg3 Nd3 37. Bc3 Kd7 38. Kf3 Ke8 39. Ke4 Kd7
1/2-1/2

[Event "1. Samba Cup "]
[Site "Skanderborg"]
[Date "2003.10.12"]
[Round "3"]
[White "Sadvakasov, Darmen"]
[Black "Short, Nigel"]
[Result "1-0"]
[WhiteElo "2595"]
[BlackElo "2701"]
[PlyCount "55"]
[EventDate "2003.10.10"]
[EventType "tourn"]
[EventRounds "9"]
[EventCountry "DEN"]
[EventCategory "16"]
[Source "ChessBase"]
[SourceDate "2004.02.03"]

1. e4 e5 2. Nf3 Nc6 3. Bb5 a6 4. Ba4 Nf6 5. O-O Be7 6. Re1 b5 7. Bb3 d6 8. c3
O-O 9. h3 Re8 10. d4 Bf8 11. a4 Bd7 12. Bg5 Na5 13. Ba2 exd4 14. cxd4 h6 15.
Bxf6 Qxf6 16. Nc3 bxa4 17. e5 Qd8 18. Nxa4 Rb8 19. Qc2 Qc8 20. Nc3 Nc6 21. Nd5
Kh8 22. e6 Rxe6 23. Rxe6 Bxe6 24. Qxc6 Rxb2 25. Bc4 g5 26. Bxa6 Qb8 27. Nxc7
Bb3 28. Bd3 1-0

[Event "1. Samba Cup "]
[Site "Skanderborg"]
[Date "2003.10.16"]
[Round "6"]
[White "Sadvakasov, Darmen"]
[Black "Alekseev, Evgeny"]
[Result "1-0"]
[WhiteElo "2595"]
[BlackElo "2613"]
[PlyCount "69"]
[EventDate "2003.10.10"]
[EventType "tourn"]
[EventRounds "9"]
[EventCountry "DEN"]
[EventCategory "16"]
[Source "ChessBase"]
[SourceDate "2004.02.03"]

1. e4 c5 2. Nf3 d6 3. d4 cxd4 4. Nxd4 Nf6 5. Nc3 a6 6. Be3 e5 7. Nb3 Be6 8. f3
Be7 9. Qd2 O-O 10. O-O-O Nbd7 11. Kb1 Rc8 12. g4 Nb6 13. h4 Qc7 14. h5 Nfd7 15.
g5 f5 16. gxf6 Nxf6 17. f4 exf4 18. Bxb6 Qxb6 19. Bh3 Bxh3 20. Rxh3 Kh8 21.
Qxf4 Nd7 22. Qg4 Ne5 23. Qe6 Bg5 24. a3 Nc4 25. Rf3 Qc7 26. Nd5 Nxa3+ 27. Ka2
Qxc2 28. Rxf8+ Rxf8 29. Rf1 Rg8 30. Kxa3 a5 31. h6 a4 32. hxg7+ Kxg7 33. Qd7+
Kh8 34. Qxa4 h6 35. Rf7 1-0

[Event "1. Samba Cup "]
[Site "Skanderborg"]
[Date "2003.10.18"]
[Round "8"]
[White "Short, Nigel"]
[Black "Nielsen, Peter Heine"]
[Result "1/2-1/2"]
[WhiteElo "2701"]
[BlackElo "2626"]
[PlyCount "62"]
[EventDate "2003.10.10"]
[EventType "tourn"]
[EventRounds "9"]
[EventCountry "DEN"]
[EventCategory "16"]
[Source "ChessBase"]
[SourceDate "2004.02.03"]

1. e4 e5 2. Nf3 Nc6 3. Bc4 Bc5 4. b4 Bxb4 5. c3 Ba5 6. d4 exd4 7. Qb3 Qe7 8.
O-O Bb6 9. cxd4 Nxd4 10. Nxd4 Bxd4 11. Nc3 Nf6 12. Nb5 d5 13. exd5 Bxa1 14. Ba3
Qe5 15. f4 Bd4+ 16. Kh1 Qe3 17. Nxd4 Qxb3 18. Re1+ Kd8 19. Be7+ Kd7 20. Nxb3 c6
21. d6 b6 22. Bxf7 c5 23. Nd2 Kc6 24. Nc4 Bf5 25. Ne5+ Kb7 26. a4 h5 27. Bxf6
gxf6 28. Bd5+ Ka6 29. Bc4+ Kb7 30. Bd5+ Ka6 31. Bc4+ Kb7 1/2-1/2